000 00653nam a2200229Ia 4500
005 20260320201933.0
008 008 262003s9999 xx 000 0 eng d
037 _aEBOOK
040 _aCRL
040 _beng
040 _cCRL
041 _2eng
041 _aeng
084 _qCRL
100 _aLi
245 0 _aPractical C++ Game Programming with Data Structures and Algorithms: Write high-performance code and solve game development challenges with expert-led C++ solutions
260 _bIEEE
856 _uhttps://ieeexplore.ieee.org/servlet/opac?bknumber=11244341
942 _cEBOOK
999 _c1724378
_d1724378